Central Library OPAC University of Rajshahi

Industrial Economics : (Record no. 80107)

MARC details
000 -LEADER
fixed length control field 00718nam a2200241 a 4500
001 - CONTROL NUMBER
control field 80107
003 - CONTROL NUMBER IDENTIFIER
rucl marc code BD-RjUL
005 - DATE AND TIME OF LATEST TRANSACTION
control field 20220721164818.0
008 - FIXED-LENGTH DATA ELEMENTS--GENERAL INFORMATION
fixed length control field 220721s2022 ii ||||| |||| 00| 0 eng d
020 ## - INTERNATIONAL STANDARD BOOK NUMBER
International Standard Book Number 9788195175543
035 ## - SYSTEM CONTROL NUMBER
System control number (BD-RjUL)80107
040 ## - CATALOGING SOURCE
Original cataloging agency BD-RjUL
Language of cataloging eng
Transcribing agency BD-RjUL
041 ## - LANGUAGE CODE
Language code of text/sound track or separate title eng
082 ## - DEWEY DECIMAL CLASSIFICATION NUMBER
Edition number 23
Classification number 338.5
Author mark and year BAI 2022
100 ## - MAIN ENTRY--PERSONAL NAME
Personal name Barthwal, R R
9 (RLIN) 4078
245 10 - TITLE STATEMENT
Title Industrial Economics :
Remainder of title an Introductory Textbook /
Statement of responsibility, etc. R R Barthwal
250 ## - EDITION STATEMENT
Edition statement 4th ed.
260 ## - PUBLICATION, DISTRIBUTION, ETC. (IMPRINT)
Place of publication, distribution, etc. New Delhi :
Name of publisher, distributor, etc. New Age International Private Limited,
Date of publication, distribution, etc. 2022
300 ## - PHYSICAL DESCRIPTION
Pagination 431 p.:
Illustrations ill.;
Size 25 cm.
650 ## - SUBJECT ADDED ENTRY--TOPICAL TERM
Topical term or geographic name as entry element Industrial organization (Economic theory)
9 (RLIN) 4079
Topical term or geographic name as entry element Industrial management
9 (RLIN) 2823
942 ## - ADDED ENTRY ELEMENTS (KOHA)
Source of classification or shelving scheme Dewey Decimal Classification
Koha item type Books
Holdings
Lost status Source of classification or shelving scheme Damaged status Not for loan Collection code Permanent Location Current Location Shelving location Date acquired Source of acquisition Cost, normal purchase price Total Checkouts Full call number Date last seen Copy number Koha item type
  Dewey Decimal Classification   Not For Loan Non-fiction Central Library, University of Rajshahi Central Library, University of Rajshahi Reading Room 25/04/2022 Paragon Enterprise, Dhaka 591.00   338.5 BAI 2022 21/07/2022 C-1 Books
  Dewey Decimal Classification     Non-fiction Central Library, University of Rajshahi Central Library, University of Rajshahi General Stacks 25/04/2022 Paragon Enterprise, Dhaka 591.00   338.5 BAI 2022 21/07/2022 C-2 Books
  Dewey Decimal Classification     Non-fiction Central Library, University of Rajshahi Central Library, University of Rajshahi General Stacks 25/04/2022 Paragon Enterprise, Dhaka 591.00   338.5 BAI 2022 21/07/2022 C-3 Books
  Dewey Decimal Classification     Non-fiction Central Library, University of Rajshahi Central Library, University of Rajshahi General Stacks 25/04/2022 Paragon Enterprise, Dhaka 591.00   338.5 BAI 2022 21/07/2022 C-4 Books
  Dewey Decimal Classification     Non-fiction Central Library, University of Rajshahi Central Library, University of Rajshahi General Stacks 25/04/2022 Paragon Enterprise, Dhaka 591.00   338.5 BAI 2022 21/07/2022 C-5 Books